000 00487cam a2200193ua 4500
001 6330
005 20260515114032.0
008 131129n ii |||gr||||Z||||||eng
020 _a81-7014-166-4
040 _cMAIN
082 _a658
245 _aPrinciples of management
_cBy Dinkar Pagare
260 _aNew delhi:
_bSultan Chand & Sons,
_c2000.
300 _axii,463p.
653 _aCommerce
653 _aPrinciples of management
700 _aPagare,Dinkar,
_eAuthor.
942 _cBK
999 _c5477
_d5477